| 000 | 00732nam a2200217 u 4500 | ||
|---|---|---|---|
| 005 | 20240418063732.0 | ||
| 008 | 151109s2010 r 000 0 eng d | ||
| 020 | _a9788492595686 | ||
| 035 | _aUPN01000206630 | ||
| 049 | _aI | ||
| 050 | 4 |
_aPZ7 _bR9.6 |
|
| 100 | 1 |
_aRymond, Lynda Gene _938173 |
|
| 245 | 1 | 0 |
_aÓscar y los gatos lunares / _cLynda Gene Rymond ; il. de Nocoletta Ceccoli ; tr. de Alvar Zaid. |
| 260 |
_aBarcelona, Esp. : _bThule, _c2010. |
||
| 300 |
_a[36] p. : _bil. |
||
| 534 |
_pTítulo original : _tOscar and the Mooncats |
||
| 650 | 4 |
_aGATOS - _vLITERATURA INFANTIL _910191 |
|
| 650 | 0 |
_aAventuras y aventureros _vLiteratura juvenil _911236 |
|
| 650 | 4 |
_aLibros y lectura para niños _92290 |
|
| 905 | _aInfantil | ||
| 999 |
_c178731 _d178731 |
||